Регионална библиотека "Любен Каравелов" - Русе

Очерки по емпирическата психология (Запис номер 137289)

MARC детайли
000 -Лидер
Контролно поле с фиксирана дължина nam a22 a 4500
003 - Код на организацията, давaща контролен номер
Контролно поле BLK
005 - Дата и час на последна редакция
Контролно поле 20201013135527.0
008 - Елементи от данни с фиксирана дължина
fixed length control field 180409b bul|||||r ||||||| ||bul||
010 ## - Наследен системен номер
LC control number KNG00143256000
040 ## - Източник на каталожния запис
Идентификатор на билиотеката - собственик на записа BLK
041 ## - Код за език
Код за езика на текст/звукозапис или на отделно заглавие Български
Код за езика КДБФ Български
072 #7 - Код за тематичната категория
Код организация bullib
Код за тематична категория Ц
Текст Редки и ценни
080 ## - УДК
Текстов определител УДК Развитие на психиката и способностите. Сравнителна психология
УДК код - определител по УДК 159.92
УДК - код + определител 159.92
080 ## - УДК
Текстов определител УДК Емпирични науки
УДК код - определител по УДК 168.52
УДК - код + определител 168.52
100 1# - Редна дума - Автор
Автор Хефдинг, Харалд
Авторска отговорност първи автор
R(LIN) 325775
139 ## - Редно поле
Редна дума Хефдинг, Харалд
Авторски знак Хет - Х 46
245 10 - Сведения за заглавието
Заглавие Очерки по емпирическата психология
Редно поле (дума) Харалд Хефдинг; прев. от нем. Ст. Белев.
257 ## - Страна на издаване
Страна на създаване/издаване Дания
260 ## - Област на издателските данни
Име на издателя, разпространителя и проч. Студентско филос. д-во при Висшето у-ще
Година на издаване 1896
Печатница София : Напредък
Място на издаване, разпространение и проч. София
300 ## - Физическа характеристика
Страници 376, IV с.
Размери/Мащаб 23 см
380 ## - Жанр
Жанр Философия
490 ## - СЕРИИ (Колекции)
9 (RLIN) 435080
Име на серия Колекция Редки и ценни издания
650 #4 - Допълнително описание по предмет – тема
Основно описание – тема или топоним Психология - философски проблеми
9 (RLIN) 255619
650 #4 - Допълнително описание по предмет – тема
Основно описание – тема или топоним Емпиризъм
9 (RLIN) 154909
650 #4 - Допълнително описание по предмет – тема
Основно описание – тема или топоним Психология - методика
9 (RLIN) 324402
653 ## - Ключова дума – ненормативна
Ключова дума психология на личността
653 ## - Ключова дума – ненормативна
Ключова дума душа
653 ## - Ключова дума – ненормативна
Ключова дума тяло
653 ## - Ключова дума – ненормативна
Ключова дума познание
653 ## - Ключова дума – ненормативна
Ключова дума чувства
653 ## - Ключова дума – ненормативна
Ключова дума воля
659 ## - Тематичен бюлетин
Тематичен бюлетин Ц
700 1# - Други автори (авторска отговорност)
Лично име Белев, Ст.
Автороска отговорност (Описва отношението между автора и произведението) прев. от нем.
9 (RLIN) 379025
852 ## - Местоположение
Форматна сигнатура Рб 896
Фондова буква Редки и ценни
856 4# - Електронен адрес и достъп
Електронен формат pdf - файл
856 4# - Електронен адрес и достъп
Електронен формат pdf - файл
999 ## - СИСТЕМНИ КОНТРОЛНИ НОМЕРА
Koha biblionumber 137289
Koha biblioitemnumber 137289
942 ## - АРТИКУЛИ
Вид на библиотечния материал Книги
Скрит в OPAC Не
Периодичен библиозапис Да
944 ## - СЪЗДАВАНЕ И РЕДАКЦИЯ на ЗАПИСА
Създаване/Редакция Създаване
Дата на регистрацията/редакция 29.05.2013
Статус, дата на статуса 29.05.2013 - от С1,Р / 29.05.2013
Служител, извършил регистрацията/редакцията Наталия_Медовщикова
944 ## - СЪЗДАВАНЕ И РЕДАКЦИЯ на ЗАПИСА
Създаване/Редакция Редакция
Дата на регистрацията/редакция 29.05.2013
Статус, дата на статуса 29.05.2013 - от С1,Р / 29.05.2013
999 ## - СИСТЕМНИ КОНТРОЛНИ НОМЕРА
Koha biblioitemnumber 137289
Наличности
Код за отписване Код за изгубен артикул Източник на класификационната схема Код за повреда Коз за рестрикции Код за отдаване Артикулен № Име на библиотеката - собственик Име на библиотеката, в която се намира в момента Статус (Текущо местоположение) Дата на вписване в системата Местоположение - отдел Цена в лева Инвентарен номер Систематично азбучна сигнатура Баркод Номер на екземпляра Цена в евро Служебна бележка Служебен тип на артикула
  Не е изгубен Universal Decimal Classification Не е повреден само за читалня Специални фондове ( старопечатни, редки и ценни, фонд М. Арнаудов) 224548 Регионална библиотека "Любен Каравелов" Русе Регионална библиотека "Любен Каравелов" Русе Редки и ценни 1896-01-01 Редки и ценни 0.18 15533 Рб 896 900000036140 1 0.09 N: стар фонд Дата: 01.01.1896 Дата инв: 15.12.2016 Бележки инв: Рц2016 Книги
Vip Innovations Ltd, Rousse, Bulgaria 2025